[Event "28th Czech Open A 2017"]
[Site "Pardubice CZE"]
[Date "2017.07.26"]
[Round "6.31"]
[White "Nihal, Sarin"]
[Black "Swicarz, Maciej"]
[Result "1-0"]
[WhiteTitle "FM"]
[WhiteElo "2471"]
[BlackElo "2372"]
[WhiteFideId "25092340"]
[BlackFideId "1113585"]
[EventDate "2017.07.21"]

1. d4 e6 2. c4 b6 3. a3 Bb7 4. Nc3 Nf6 5. Nf3 Ne4 6. Nxe4 Bxe4 7. Nd2 Bb7 8. e4
d5 9. cxd5 exd5 10. e5 c5 11. f4 c4 12. Nb1 b5 13. Nc3 Bc6 14. g3 a5 15. Bg2 Na6
16. O-O b4 17. Ne2 Qb6 18. f5 O-O-O 19. Bg5 Re8 20. Kh1 Nc7 21. axb4 axb4 22.
Nf4 Kb7 23. Qh5 Qxd4 24. Qxf7 Re7 25. Bxe7 Be8 26. Bxd5+ Kb6 27. Qxe8 Nxe8 28.
Bd8+ Kb5 29. Ra5# 1-0

[Event "28th Czech Open A 2017"]
[Site "Pardubice CZE"]
[Date "2017.07.26"]
[Round "6.32"]
[White "Mueller, Ralf1"]
[Black "Prasanna, Raghuram Rao"]
[Result "1/2-1/2"]
[WhiteTitle "FM"]
[BlackTitle "IM"]
[WhiteElo "2330"]
[BlackElo "2466"]
[WhiteFideId "4606612"]
[BlackFideId "5022401"]
[EventDate "2017.07.21"]

1. d4 Nf6 2. Nf3 d5 3. c4 e6 4. g3 dxc4 5. Bg2 Bd7 6. Ne5 Bc6 7. Nxc6 Nxc6 8. e3
Qd7 9. Nd2 e5 10. O-O exd4 11. Nxc4 O-O-O 12. Qa4 Bc5 13. b4 Nxb4 14. Qb3 Nbd5
15. Rb1 b6 16. Ne5 Qe6 17. exd4 Bxd4 18. Nf3 Bc5 19. Ng5 Qe7 20. Bb2 Rhe8 21.
Bxf6 Qxf6 22. Bxd5 Qxg5 23. Bg2 Rd2 24. Qf3 Ree2 25. Kh1 Qf6 26. Qb7+ Kd7 27.
Rbe1 Qe5 28. Rxe2 Rxe2 29. f4 Qe3 30. Rd1+ Bd6 31. Bf3 Re1+ 32. Rxe1 Qxe1+ 33.
Kg2 Qd2+ 34. Kh3 Qxa2 35. Bg4+ Ke7 36. Qe4+ Kf8 37. Qa8+ Ke7 38. Qe4+ Kf8 39.
Qa8+ 1/2-1/2

[Event "28th Czech Open A 2017"]
[Site "Pardubice CZE"]
[Date "2017.07.26"]
[Round "6.33"]
[White "Malakhov, Igor"]
[Black "Sadhwani, Raunak"]
[Result "1/2-1/2"]
[WhiteTitle "IM"]
[BlackTitle "FM"]
[WhiteElo "2454"]
[BlackElo "2314"]
[WhiteFideId "4183088"]
[BlackFideId "35093487"]
[EventDate "2017.07.21"]

1. e4 c6 2. d4 d5 3. exd5 cxd5 4. c4 Nf6 5. Nc3 Nc6 6. Nf3 Bg4 7. cxd5 Nxd5 8.
Qb3 Bxf3 9. gxf3 e6 10. Qxb7 Nxd4 11. Bb5+ Nxb5 12. Qc6+ Ke7 13. Qxb5 Nxc3 14.
bxc3 Rb8 15. Qa4 Qd7 16. Ba3+ Ke8 17. Qxd7+ Kxd7 18. O-O-O+ Ke8 1/2-1/2

[Event "28th Czech Open A 2017"]
[Site "Pardubice CZE"]
[Date "2017.07.26"]
[Round "6.34"]
[White "Krapivin, Vladislav"]
[Black "Nagy, Gabor1"]
[Result "0-1"]
[WhiteTitle "IM"]
[BlackTitle "IM"]
[WhiteElo "2327"]
[BlackElo "2452"]
[WhiteFideId "4126149"]
[BlackFideId "737119"]
[EventDate "2017.07.21"]

1. e4 c5 2. Nc3 e6 3. Nge2 Nc6 4. g3 Nge7 5. Bg2 g6 6. d4 cxd4 7. Nxd4 a6 8. O-O
Bg7 9. Be3 O-O 10. a4 Qc7 11. Nb3 b6 12. Qe2 Ne5 13. Nd2 Rb8 14. f4 N5c6 15. Nb3
d5 16. exd5 Nxd5 17. Nxd5 exd5 18. c3 b5 19. axb5 Rxb5 20. Nd4 Nxd4 21. Bxd4
Bxd4+ 22. cxd4 Qb6 23. Qe5 Rxb2 24. Bxd5 Rb5 25. f5 Qd8 26. fxg6 hxg6 27. Rxf7
Rxf7 28. Bxf7+ Kxf7 29. Rf1+ Kg8 30. Qe4 Bf5 31. Qf4 Rb4 32. Rd1 Qd5 33. Qe3 Rb8
34. Qg5 Rb2 35. Rd2 Rb1+ 36. Kf2 Rh1 37. Qh4 Be6 38. g4 Qd6 39. Ke3 Bc4 40. Rc2
Qa3+ 41. Kf4 Rf1+ 42. Rf2 Qc1+ 0-1

[Event "28th Czech Open A 2017"]
[Site "Pardubice CZE"]
[Date "2017.07.26"]
[Round "6.35"]
[White "Garakov, Mikhael"]
[Black "Paszewski, Mateusz"]
[Result "1-0"]
[WhiteTitle "IM"]
[BlackTitle "FM"]
[WhiteElo "2447"]
[BlackElo "2323"]
[WhiteFideId "4169034"]
[BlackFideId "1141058"]
[EventDate "2017.07.21"]

1. e4 c5 2. Nf3 d6 3. d4 cxd4 4. Nxd4 Nf6 5. Nc3 g6 6. Be3 Bg7 7. f3 O-O 8. Qd2
Nc6 9. Bc4 Bd7 10. h4 h5 11. O-O-O Rc8 12. Bb3 Ne5 13. Kb1 Nc4 14. Bxc4 Rxc4 15.
b3 Rc8 16. Nde2 b5 17. Bh6 Kh7 18. Bxg7 Kxg7 19. Nd5 Nxd5 20. exd5 Qb6 21. g4
Rh8 22. gxh5 Rxh5 23. Ng3 Rh6 24. h5 Rch8 25. Rhe1 Kf8 26. Qg5 f6 27. Qf4 gxh5
28. Nf5 Bxf5 29. Qxf5 Qc7 30. c4 b4 31. c5 Rg8 32. cxd6 Qxd6 33. Re6 Rg5 34. Qe4
Qh2 35. d6 Rg2 36. dxe7+ Kg7 37. e8=Q Rb2+ 38. Kc1 1-0

[Event "28th Czech Open A 2017"]
[Site "Pardubice CZE"]
[Date "2017.07.26"]
[Round "6.36"]
[White "Jansa, Vlastimil"]
[Black "Horvath, Dominik"]
[Result "0-1"]
[WhiteTitle "GM"]
[BlackTitle "FM"]
[WhiteElo "2446"]
[BlackElo "2310"]
[WhiteFideId "300128"]
[BlackFideId "1642561"]
[EventDate "2017.07.21"]

1. e4 c5 2. Nf3 e6 3. Nc3 Nc6 4. d4 cxd4 5. Nxd4 Qc7 6. f4 a6 7. Nxc6 Qxc6 8.
Bd3 b5 9. Qe2 Bb7 10. Bd2 Bc5 11. O-O-O Ne7 12. a3 O-O 13. Rhf1 f5 14. g4 d5 15.
gxf5 exf5 16. e5 d4 17. Na2 Qe6 18. Kb1 Bd5 19. Nc1 Rab8 20. Rg1 Qc6 21. Rg3 b4
22. a4 Qxa4 23. Nb3 Kh8 24. h4 Nc6 25. Rdg1 Rb7 26. e6 Bd6 27. Nc1 Na5 28. b3
Qe8 29. Bxa6 Ra7 30. Re1 Qa8 31. Reg1 Rxa6 32. Rxg7 Bf3 33. Qe1 Nc6 0-1

[Event "28th Czech Open A 2017"]
[Site "Pardubice CZE"]
[Date "2017.07.26"]
[Round "6.37"]
[White "Neuman, Petr"]
[Black "Villegas, Pierre"]
[Result "1/2-1/2"]
[WhiteTitle "GM"]
[BlackTitle "FM"]
[WhiteElo "2442"]
[BlackElo "2295"]
[WhiteFideId "305243"]
[BlackFideId "654183"]
[EventDate "2017.07.21"]

1. c4 e6 2. Nc3 Nf6 3. e4 d5 4. e5 d4 5. exf6 dxc3 6. bxc3 Qxf6 7. d4 e5 8. Nf3
Nc6 9. Be2 exd4 10. cxd4 Bb4+ 11. Bd2 Bxd2+ 12. Qxd2 1/2-1/2

[Event "28th Czech Open A 2017"]
[Site "Pardubice CZE"]
[Date "2017.07.26"]
[Round "6.38"]
[White "Biolek, Richard Jr."]
[Black "Haring, Viktor"]
[Result "1-0"]
[WhiteTitle "IM"]
[BlackTitle "FM"]
[WhiteElo "2437"]
[BlackElo "2241"]
[WhiteFideId "319996"]
[BlackFideId "14919400"]
[EventDate "2017.07.21"]

1. d4 Nf6 2. c4 e6 3. Nf3 Bb4+ 4. Nbd2 b6 5. a3 Bxd2+ 6. Bxd2 Bb7 7. Bg5 h6 8.
Bh4 g5 9. Bg3 Ne4 10. Nd2 Nxg3 11. hxg3 d6 12. Qa4+ Qd7 13. Qc2 Qe7 14. O-O-O
Nd7 15. e4 Qf6 16. Nf3 O-O-O 17. d5 e5 18. Ne1 h5 19. Nd3 Nc5 20. Nb4 h4 21. Be2
Kb8 22. Rhf1 g4 23. Kb1 Qg6 24. Bd3 h3 25. gxh3 gxh3 26. Qe2 a5 27. Nc2 Nb3 28.
Qe3 h2 29. Rh1 Bc8 30. Ka2 a4 31. Nb4 Nd4 32. Nc6+ Nxc6 33. dxc6 f5 34. Bc2 fxe4
35. Bxe4 Bf5 36. Bd5 Bc2 37. Rd2 Rdf8 38. f4 exf4 39. gxf4 Re8 40. Qf2 Bb3+ 41.
Ka1 Qg4 42. Qf1 Rh3 43. f5 Qh4 44. f6 Rhe3 45. f7 Re1+ 46. Rd1 Rxd1+ 47. Qxd1
Rh8 48. Qe1 Qh6 49. Qe8+ Ka7 50. Qd7 Kb8 51. Re1 h1=Q 52. Bxh1 Qxh1 53. f8=Q+
Ka7 54. Qxc7+ Ka6 55. Qb7+ Ka5 1-0

[Event "28th Czech Open A 2017"]
[Site "Pardubice CZE"]
[Date "2017.07.26"]
[Round "6.39"]
[White "Granovskiy, Alexandr"]
[Black "Akesson, Ralf"]
[Result "1/2-1/2"]
[WhiteTitle "IM"]
[BlackTitle "GM"]
[WhiteElo "2282"]
[BlackElo "2435"]
[WhiteFideId "13700243"]
[BlackFideId "1700120"]
[EventDate "2017.07.21"]

1. d4 d5 2. c4 e6 3. Nc3 Be7 4. Nf3 Nf6 5. Bf4 O-O 6. e3 c5 7. cxd5 Nxd5 8. Nxd5
Qxd5 9. a3 cxd4 10. Qxd4 Nc6 11. Qxd5 exd5 12. O-O-O Be6 13. Kb1 Rfd8 14. Bd3
Bg4 15. h3 Bxf3 16. gxf3 Bd6 17. Bg5 Be7 18. Bf4 Bd6 19. Bg5 Be7 1/2-1/2

[Event "28th Czech Open A 2017"]
[Site "Pardubice CZE"]
[Date "2017.07.26"]
[Round "6.40"]
[White "Kosmo, Santul"]
[Black "Kaczur, Florian"]
[Result "0-1"]
[WhiteElo "2168"]
[BlackElo "2433"]
[WhiteFideId "504173"]
[BlackFideId "705098"]
[EventDate "2017.07.21"]

1. e4 e5 2. f4 exf4 3. Nf3 Ne7 4. d4 d5 5. Nc3 dxe4 6. Nxe4 Nd5 7. Bc4 Be7 8.
O-O O-O 9. Ne5 Be6 10. Bb3 Nd7 11. Nd3 c6 12. Nxf4 Nxf4 13. Bxf4 Bxb3 14. axb3
Nf6 15. Nxf6+ Bxf6 16. c3 Qd5 17. b4 Rfe8 18. Re1 a6 19. Qd2 h5 20. Ra5 Rxe1+
21. Qxe1 Qd7 22. Be5 Re8 23. Qg3 h4 24. Qf3 Bd8 25. Ra1 f6 26. Bf4 g5 27. Bd2
Kg7 28. Rf1 Qd5 29. Qxd5 cxd5 30. Rf5 Re2 31. Rf2 Re6 32. h3 Kg6 33. Kf1 Re4 34.
Re2 Kf5 35. Be3 Bc7 36. Ke1 b5 37. Kd2 Kg6 38. Kd3 f5 39. b3 Re6 40. Rc2 Rc6 41.
c4 g4 42. c5 Re6 43. Rf2 g3 44. Rf1 Re4 45. Ra1 f4 46. Bd2 f3 47. Rxa6+ Kf5 48.
gxf3 Re8 49. Ra1 Bf4 50. Bxf4 Kxf4 51. Ra7 g2 52. Rg7 Kxf3 53. c6 Kf2 54. Rf7+
Kg3 55. Rg7+ Kh2 0-1

[Event "28th Czech Open A 2017"]
[Site "Pardubice CZE"]
[Date "2017.07.26"]
[Round "6.41"]
[White "Deac, Bogdan-Daniel"]
[Black "Tate, Alan"]
[Result "1-0"]
[WhiteTitle "GM"]
[BlackTitle "FM"]
[WhiteElo "2579"]
[BlackElo "2350"]
[WhiteFideId "1226380"]
[BlackFideId "2401878"]
[EventDate "2017.07.21"]

1. d4 d5 2. Bf4 Nf6 3. e3 c5 4. c3 Nc6 5. Nd2 Bf5 6. Qb3 Qd7 7. Ngf3 c4 8. Qd1
e6 9. a4 Bd6 10. Bg5 Ne4 11. Nxe4 Bxe4 12. Nd2 Bg6 13. e4 O-O 14. e5 f6 15. exf6
e5 16. Nf3 exd4 17. Nxd4 Rae8+ 18. Be2 Nxd4 19. Qxd4 Bd3 20. Be3 Bxe2 21. Kxe2
Be5 22. Qc5 b6 23. Qb5 Qg4+ 24. Kf1 Qe4 25. f7+ Kxf7 26. h4 Kg8 27. Rh3 Bf6 28.
h5 Bg5 29. Bxg5 Qe2+ 30. Kg1 1-0

[Event "28th Czech Open A 2017"]
[Site "Pardubice CZE"]
[Date "2017.07.26"]
[Round "6.42"]
[White "Michalik, Peter"]
[Black "Vusatiuk, Vladimir"]
[Result "1/2-1/2"]
[WhiteTitle "GM"]
[BlackTitle "IM"]
[WhiteElo "2557"]
[BlackElo "2338"]
[WhiteFideId "14907526"]
[BlackFideId "14118610"]
[EventDate "2017.07.21"]

1. Nf3 d5 2. g3 Nf6 3. Bg2 c6 4. O-O h6 5. c4 Bf5 6. d3 e6 7. cxd5 exd5 8. Qb3
Qb6 9. Qc2 Be7 10. Be3 Qd8 11. Qb3 Bc8 12. Nc3 O-O 13. Rac1 Re8 14. Bd4 Na6 15.
e4 dxe4 16. dxe4 Nc5 17. Qc2 Bg4 18. Rfd1 Qc8 19. a3 Qe6 20. Bxc5 Bxc5 21. Nd4
Qc4 22. Nf3 Bb6 23. h3 Bh5 24. Re1 Bg6 25. Nd2 Qd4 26. Nf3 Qc4 27. Nd2 Qd4 28.
Nf3 1/2-1/2

[Event "28th Czech Open A 2017"]
[Site "Pardubice CZE"]
[Date "2017.07.26"]
[Round "6.43"]
[White "Kovalev, Andrei"]
[Black "Flick, Antoine"]
[Result "1-0"]
[WhiteTitle "GM"]
[BlackTitle "FM"]
[WhiteElo "2517"]
[BlackElo "2331"]
[WhiteFideId "13500023"]
[BlackFideId "26025736"]
[EventDate "2017.07.21"]

1. e4 c5 2. Nf3 Nc6 3. Bb5 Nf6 4. Nc3 g6 5. h3 Nd4 6. e5 Nxb5 7. Nxb5 Nd5 8. c4
Nc7 9. Nxc7+ Qxc7 10. d4 cxd4 11. Qxd4 Bg7 12. O-O O-O 13. Qh4 d6 14. exd6 Qxd6
15. Bh6 Rd8 16. Bxg7 Kxg7 17. Rad1 Qc7 18. Nd4 a6 19. Rfe1 Re8 20. b4 e5 21. Nf3
f6 22. c5 b6 23. Nd2 Bf5 24. Ne4 g5 25. Qg3 Bxe4 26. Rxe4 bxc5 27. Rc4 Rad8 28.
Rdc1 Qd7 29. bxc5 Qc6 30. Rb4 Rc8 31. Qb3 Kg6 32. Qb1+ Kg7 33. Rb6 Qd7 34. c6
Qf7 35. Rxa6 Rc7 36. a4 e4 37. Rb6 e3 38. fxe3 Rxe3 39. Rb7 Ree7 40. Rxc7 Rxc7
41. Qb6 h5 42. a5 Qe7 43. a6 h4 44. Kh1 Rc8 45. Qb7 Rc7 46. Rb1 Kg6 47. a7 Qe4
48. a8=Q Rxb7 49. Qxb7 1-0

[Event "28th Czech Open A 2017"]
[Site "Pardubice CZE"]
[Date "2017.07.26"]
[Round "6.44"]
[White "Gheng, Josef"]
[Black "Debashis, Das"]
[Result "0-1"]
[WhiteTitle "FM"]
[BlackTitle "GM"]
[WhiteElo "2347"]
[BlackElo "2505"]
[WhiteFideId "4618041"]
[BlackFideId "5024854"]
[EventDate "2017.07.21"]

1. e4 c5 2. Nf3 d6 3. c3 Nf6 4. Be2 b6 5. O-O Bb7 6. d3 e6 7. Re1 Be7 8. Nbd2
O-O 9. Nf1 c4 10. Ng3 cxd3 11. Bxd3 Nbd7 12. Nd4 Ne5 13. Bf1 Rc8 14. h3 Re8 15.
f4 Ned7 16. e5 Nd5 17. Qg4 Bf8 18. h4 Qc7 19. Nf3 dxe5 20. fxe5 f6 21. h5 fxe5
22. Ng5 N7f6 23. Qh3 Bc5+ 24. Kh1 Bf2 25. Rd1 Nf4 26. Bxf4 exf4 27. Ne2 e5 28.
Qf5 h6 29. Nh7 Qe7 30. Nxf6+ Qxf6 31. Qxf6 gxf6 32. Rd7 Bc6 33. Rd6 Kf7 34. Ng1
Ke7 35. Rdd1 Rg8 36. Nf3 Rg4 37. Bc4 Bxf3 38. gxf3 Rh4+ 39. Kg2 Rxc4 40. Kxf2
Rh2+ 41. Kg1 Rxb2 42. Rd3 Rc7 0-1

[Event "28th Czech Open A 2017"]
[Site "Pardubice CZE"]
[Date "2017.07.26"]
[Round "6.45"]
[White "Kovacevic, Blazimir"]
[Black "Lerch, Philipp"]
[Result "1-0"]
[WhiteTitle "IM"]
[BlackTitle "FM"]
[WhiteElo "2499"]
[BlackElo "2320"]
[WhiteFideId "14502712"]
[BlackFideId "4654129"]
[EventDate "2017.07.21"]

1. Nf3 f5 2. d4 Nf6 3. Bg5 e6 4. Nbd2 Be7 5. Bxf6 Bxf6 6. e4 fxe4 7. Nxe4 Nc6 8.
c3 d6 9. Bd3 Bd7 10. Qb3 Na5 11. Qc2 Qe7 12. O-O-O O-O-O 13. Rhe1 Nc6 14. Kb1 h6
15. Ng3 d5 16. Nf5 Qf7 17. N5h4 g5 18. Ng6 Rhg8 19. Nge5 Bxe5 20. Nxe5 Nxe5 21.
Rxe5 Rdf8 22. f3 g4 23. Be2 gxf3 24. Bxf3 Qf4 25. h3 Rg5 26. Rde1 Rxe5 27. Rxe5
c5 28. Re1 cxd4 29. cxd4+ Kb8 30. Qh7 Bb5 31. Qg7 Bd3+ 32. Ka1 Rc8 33. Qe5+ Qxe5
34. dxe5 Bf5 35. b3 Rc2 36. Re2 Rc1+ 37. Kb2 Rf1 38. h4 d4 39. Rd2 Rb1+ 40. Ka3
d3 41. Rd1 Rxd1 42. Bxd1 Kc7 43. Kb4 Be4 44. g3 a5+ 45. Kc5 d2 46. Kd4 Bg2 47.
Ke3 Kc6 48. Kxd2 Kd5 49. Ke3 Kxe5 50. Bf3 Bxf3 51. Kxf3 b5 52. g4 a4 53. b4 a3
54. Ke3 Kd5 55. Kf4 Kd4 56. g5 hxg5+ 57. hxg5 e5+ 58. Kg3 Kc3 59. g6 Kb2 60. g7
Kxa2 61. g8=Q+ Kb2 62. Qd5 1-0

[Event "28th Czech Open A 2017"]
[Site "Pardubice CZE"]
[Date "2017.07.26"]
[Round "6.46"]
[White "Seger, Ruediger"]
[Black "Potapov, Pavel"]
[Result "1/2-1/2"]
[WhiteTitle "IM"]
[BlackTitle "GM"]
[WhiteElo "2346"]
[BlackElo "2495"]
[WhiteFideId "4617274"]
[BlackFideId "4169786"]
[EventDate "2017.07.21"]

1. e4 c5 2. c3 Nf6 3. e5 Nd5 4. d4 cxd4 5. Nf3 Nc6 6. cxd4 d6 7. Bc4 dxe5 8.
Nxe5 e6 9. O-O Be7 10. Qf3 Bf6 11. Nxc6 bxc6 12. Rd1 O-O 13. Nc3 Qb6 14. Na4 Qb4
15. b3 Rd8 16. Bb2 Qe7 17. Nc5 g6 18. a3 Bg7 19. Rac1 Bd7 20. Nd3 Be8 21. Ne5 a5
22. Bf1 Rab8 23. g3 Qb7 24. Rd3 Bxe5 25. dxe5 c5 26. Rxc5 Bb5 27. Rd1 Bxf1 28.
Rxf1 Qxb3 29. Qxb3 Rxb3 30. Bc1 a4 31. Rd1 h5 32. Rd4 Ra8 33. Rcc4 Rc3 34. Rxc3
Nxc3 35. Rc4 Nd5 36. Kf1 Kf8 37. Ke2 Ke7 38. Be3 Kd7 39. h4 Ra6 40. Kd3 Ra5 41.
Bd2 Ra8 42. Be3 Ra6 43. Bd2 1/2-1/2

[Event "28th Czech Open A 2017"]
[Site "Pardubice CZE"]
[Date "2017.07.26"]
[Round "6.47"]
[White "Krylov, Mikhail RUS"]
[Black "Belous, Mikhail"]
[Result "0-1"]
[WhiteTitle "GM"]
[BlackTitle "FM"]
[WhiteElo "2485"]
[BlackElo "2313"]
[WhiteFideId "4151364"]
[BlackFideId "14127555"]
[EventDate "2017.07.21"]

1. d4 Nf6 2. c4 g6 3. Nc3 Bg7 4. e4 d6 5. Nf3 O-O 6. h3 e5 7. d5 a5 8. Bg5 Na6
9. Nd2 Qe8 10. g4 Nd7 11. a3 Nb6 12. Be3 f5 13. gxf5 gxf5 14. Rg1 Kh8 15. exf5
Bxf5 16. Nce4 Na4 17. b3 N4c5 18. Ng3 Bg6 19. h4 Qf7 20. h5 Bd3 21. Rg2 c6 22.
h6 Bf6 23. Bxd3 Nxd3+ 24. Kf1 cxd5 25. cxd5 Nf4 26. Nde4 Nxg2 27. Kxg2 Nc7 28.
Nxd6 Qxd5+ 29. Qxd5 Nxd5 30. Nge4 Nxe3+ 31. fxe3 Be7 32. Nxb7 Rf5 33. Rh1 Rg8+
34. Ng3 Rfg5 35. Rh3 e4 36. b4 axb4 37. axb4 Bxb4 38. Kf2 Rb5 0-1

[Event "28th Czech Open A 2017"]
[Site "Pardubice CZE"]
[Date "2017.07.26"]
[Round "6.49"]
[White "Krykun, Yuriy"]
[Black "Nasuta, Grzegorz"]
[Result "1/2-1/2"]
[WhiteTitle "FM"]
[BlackTitle "IM"]
[WhiteElo "2334"]
[BlackElo "2455"]
[WhiteFideId "14140667"]
[BlackFideId "1141686"]
[EventDate "2017.07.21"]

1. Nf3 d5 2. d4 Nf6 3. c4 c6 4. Nbd2 Bf5 5. Nh4 Be6 6. e3 g6 7. Bd3 Bg7 8. O-O
O-O 9. Nhf3 dxc4 10. Nxc4 Nbd7 11. b4 Bxc4 12. Bxc4 Ne4 13. Bb2 a5 14. Bd3 Nd6
15. Qb3 axb4 16. Qxb4 c5 17. dxc5 Nxc5 18. Bxg7 Nxd3 19. Qb3 Kxg7 20. Qxd3 Ra4
21. Nd4 Qa5 22. Nb3 Qe5 23. Rfc1 Rfa8 24. Rc2 Qf6 25. Qe2 Qe5 26. Rac1 b5 27.
Nd4 Qd5 28. Nb3 R8a7 29. h3 Qa8 30. Nd4 Rxa2 31. Nxb5 1/2-1/2

[Event "28th Czech Open A 2017"]
[Site "Pardubice CZE"]
[Date "2017.07.26"]
[Round "6.50"]
[White "Yelisieiev, Yevhenii"]
[Black "Carlsson, Pontus"]
[Result "1/2-1/2"]
[WhiteTitle "FM"]
[BlackTitle "GM"]
[WhiteElo "2317"]
[BlackElo "2453"]
[WhiteFideId "14139642"]
[BlackFideId "1705814"]
[EventDate "2017.07.21"]

1. d4 e6 2. c4 Nf6 3. Nc3 Bb4 4. e3 O-O 5. Bd3 d5 6. Nf3 c5 7. O-O dxc4 8. Bxc4
Nbd7 9. a3 cxd4 10. axb4 dxc3 11. bxc3 Qc7 12. Be2 b6 13. Nd4 Bb7 14. c4 Rfd8
15. Bb2 a6 16. Qb3 Nf8 17. Rfd1 Ng6 18. f3 Nh4 19. Nc2 Qe7 20. Qc3 Ne8 21. Qe5
Ng6 22. Qg3 Rac8 23. Bd4 Rd6 24. c5 Rd5 25. f4 Rdd8 26. Bf3 Nf6 27. Bxf6 Rxd1+
28. Rxd1 gxf6 29. Nd4 Bxf3 30. Qxf3 bxc5 31. bxc5 Qxc5 32. f5 exf5 33. Nxf5 Re8
34. h4 Kh8 35. h5 Ne5 36. Qg3 Qf8 37. Rd6 a5 38. h6 Ng6 39. Rxf6 a4 40. Qc7 Kg8
41. Ra6 Qa3 42. Kh2 Qa1 43. Ne7+ Kf8 44. Nd5 Qe5+ 45. Qxe5 Nxe5 46. Rxa4 f5 47.
Kg3 Ng4 48. Kf4 Nxh6 49. Ra7 Re4+ 50. Kg5 Ng4 51. Kxf5 Re5+ 52. Kxg4 h5+ 53. Kf4
Rxd5 54. g3 Rd1 55. e4 Rf1+ 56. Kg5 Rf3 57. Kh4 Re3 58. Ra5 Rxe4+ 59. Kxh5 Kg7
60. Ra7+ Kg8 61. g4 Re6 62. g5 Rb6 63. Re7 Ra6 64. Kg4 Rb6 65. Kf5 Rb5+ 66. Kf6
Rb6+ 67. Re6 Rxe6+ 68. Kxe6 1/2-1/2

[Event "28th Czech Open A 2017"]
[Site "Pardubice CZE"]
[Date "2017.07.26"]
[Round "6.51"]
[White "Urazayev, Arystanbek"]
[Black "Sundararajan, Kidambi"]
[Result "1/2-1/2"]
[WhiteTitle "CM"]
[BlackTitle "GM"]
[WhiteElo "2322"]
[BlackElo "2444"]
[WhiteFideId "13709810"]
[BlackFideId "5005370"]
[EventDate "2017.07.21"]

1. e4 e5 2. Nf3 Nc6 3. Bc4 Bc5 4. c3 Nf6 5. d3 O-O 6. Nbd2 d5 7. exd5 Nxd5 8.
Ne4 Be7 9. O-O Kh8 10. Re1 f6 11. Bb3 Na5 12. Bc2 c5 13. Ng3 Nc6 14. d4 cxd4 15.
Nh4 f5 16. Nhxf5 Bxf5 17. Nxf5 Bc5 18. cxd4 Nxd4 19. Nxd4 Bxd4 20. Be3 Bxb2 21.
Rb1 Bc3 22. Qd3 e4 23. Qxe4 Nf6 24. Qxb7 Bxe1 25. Rxe1 Qa5 26. Qb1 Rac8 27. Bb3
Ng4 28. Bd4 Qc7 29. g3 Rcd8 30. Qb2 Qd7 31. Re4 Nf6 32. Rf4 Qe7 33. Qc3 Rc8 34.
Bxf6 gxf6 35. Qd4 Rcd8 36. Qc3 Qe5 37. Qf3 Rd4 38. Rf5 Qe1+ 39. Kg2 Qe4 40. h4
Qxf3+ 41. Kxf3 Kg7 42. Ra5 Rd7 43. Kf4 Re8 44. g4 Re2 45. f3 h6 46. Kf5 Rde7 1/2-1/2

[Event "28th Czech Open A 2017"]
[Site "Pardubice CZE"]
[Date "2017.07.26"]
[Round "6.52"]
[White "Aliyev, Ravan"]
[Black "Drnovsek, Gal"]
[Result "1-0"]
[BlackTitle "IM"]
[WhiteElo "2311"]
[BlackElo "2440"]
[WhiteFideId "13409980"]
[BlackFideId "14607077"]
[EventDate "2017.07.21"]

1. d4 Nf6 2. c4 e6 3. Nf3 d5 4. Nc3 dxc4 5. e3 a6 6. a4 c5 7. Bxc4 Nc6 8. O-O
Be7 9. dxc5 Qxd1 10. Rxd1 Bxc5 11. Bd2 b6 12. Ne2 Bb7 13. Bc3 Ke7 14. Ned4 Nb4
15. Nb3 Bd5 16. Nxc5 bxc5 17. Bxd5 Nbxd5 18. Rac1 Rhc8 19. Be5 Ne8 20. Nd2 f6
21. Bg3 e5 22. Ne4 Nb4 23. Rxc5 Rxc5 24. Nxc5 Nd6 25. f4 e4 26. Be1 Nc2 27. Kf2
Rc8 28. Nxa6 Nc4 29. Rc1 Nxb2 30. Nb4 Nd3+ 31. Nxd3 exd3 32. Bd2 Rb8 33. Kf3 f5
34. Rd1 Rb3 35. a5 Ke6 36. a6 Ra3 37. e4 Ra4 38. exf5+ Kd5 39. Bc3 Kc4 40. Bxg7
Rxa6 41. Ke4 Rd6 42. Be5 Rd7 43. f6 Nb4 44. g4 Kb3 45. Rd2 Kc4 46. g5 Na6 47. h4
Nc5+ 48. Ke3 Nb3 49. f7 Nxd2 50. f8=Q Nf1+ 51. Kf2 Rd5 52. Qc8+ Kb5 53. Kxf1 d2
54. Qb7+ 1-0

[Event "28th Czech Open A 2017"]
[Site "Pardubice CZE"]
[Date "2017.07.26"]
[Round "6.53"]
[White "Hoeglauer, Patrick"]
[Black "Glek, Igor"]
[Result "1-0"]
[WhiteTitle "FM"]
[BlackTitle "GM"]
[WhiteElo "2291"]
[BlackElo "2430"]
[WhiteFideId "1270548"]
[BlackFideId "4100484"]
[EventDate "2017.07.21"]

1. e4 c5 2. Nf3 e6 3. d4 cxd4 4. Nxd4 a6 5. c4 Nf6 6. Nc3 Qc7 7. a3 b6 8. Be3
Bb7 9. f3 Be7 10. Rc1 O-O 11. Be2 d6 12. O-O Nbd7 13. Qd2 Rac8 14. b4 Qb8 15.
Nb3 Rfd8 16. Rfd1 Ba8 17. Qe1 Ne5 18. Qf1 Rc7 19. Na4 Nfd7 20. Qf2 Nxc4 21. Rxc4
Rxc4 22. Bxc4 b5 23. Ba7 Qb7 24. Na5 Qc7 25. Bb6 Nxb6 26. Qxb6 Qxb6+ 27. Nxb6
bxc4 28. Nbxc4 g6 29. Kf2 f5 30. exf5 gxf5 31. Nb6 Rb8 32. Nxa8 Rxa8 33. Rc1 d5
34. Rc6 Kf7 35. f4 h5 36. Ke3 Bf6 37. Rc7+ Kg6 38. Rc6 Kf7 39. Rc7+ Kg6 40. Nc6 1-0

[Event "28th Czech Open A 2017"]
[Site "Pardubice CZE"]
[Date "2017.07.26"]
[Round "6.54"]
[White "Vykouk, Jan"]
[Black "Hacker, Jonas"]
[Result "1-0"]
[WhiteTitle "FM"]
[BlackTitle "FM"]
[WhiteElo "2430"]
[BlackElo "2297"]
[WhiteFideId "349658"]
[BlackFideId "1270968"]
[EventDate "2017.07.21"]

1. e4 e5 2. Nf3 Nc6 3. Bb5 a6 4. Ba4 Nf6 5. d3 d6 6. c4 g6 7. Nc3 Bg7 8. d4 O-O
9. Bxc6 exd4 10. Nxd4 bxc6 11. O-O c5 12. Nc2 Re8 13. f3 Nd7 14. Nd5 Ne5 15.
Nce3 Nc6 16. Rb1 Nd4 17. Nc2 f5 18. Be3 Nxc2 19. Qxc2 fxe4 20. fxe4 Bb7 21. Qd3
Kh8 22. Rf7 Bxd5 23. Qxd5 Qh4 24. Rbf1 Rab8 25. Rxg7 Qxe4 26. Rg8+ 1-0